000 00627 a2200241 4500
005 20260116154931.0
008 260114b |||||||| |||| 00| 0 eng d
020 _a9781071851647
_c$ 183.00
040 _aMAIN
082 _a658.8
_bL514S(7)
100 _aLee, Nancy R
110 _aLee, Nancy R
245 _aSocial marketing: Behaviour change for good
250 _a7th
260 _bSage publications
_aNew Delhi
_c2024
300 _axxiv, 545
650 _aMarketing
650 _aSocial Marketing
650 _aManagement Behavier
700 _aKotler, Philip
700 _aColehour, Julie
942 _cBK
999 _c393241
_d393241